'A' Television Characters Quiz Stats

 Plays Quiz Updated Dec 13, 2014

Also try: Hair in Television
Challenge
Share
Tweet
Score 0/20 Timer 05:00
6 Plays Today
% Correct
Apu Nahasapeemapetilon
78.4%
Alice Nelson
72%
Amy Farrah Fowler
70.6%
Alan Harper
61.1%
Archie Bunker
61%
Alex Dunphy
44.4%
Arnold Jackson
40.6%
Ann Perkins
37.3%
Angela Martin
36.7%
Ashley Banks
36.6%
% Correct
Abby Sciuto
36%
Abed Nadir
32.5%
Artie Abrams
28.3%
Anthony John Soprano
26.2%
Addison Montgomery
22.5%
Aria Montgomery
20.1%
Alicia Florrick
18.1%
Adam Braverman
16.8%
Andy Torres
14.9%
Alcide Herveaux
11.6%

You're not logged in!

Compare scores with friends on all Sporcle quizzes.
Join for Free
OR
Log In

You Might Also Like...

Show Comments

Extras

Top Quizzes Today


Score Distribution

Your Account Isn't Verified!

In order to create a playlist on Sporcle, you need to verify the email address you used during registration. Go to your Sporcle Settings to finish the process.

Report this User

Report this user for behavior that violates our Community Guidelines.

Details: